| 000 | 00839nam a2200253Ia 4500 | ||
|---|---|---|---|
| 999 |
_c5305 _d5305 |
||
| 003 | OSt | ||
| 005 | 20200515224539.0 | ||
| 008 | 191128s1993 ck a gr 000 0 spa d | ||
| 020 | _a9589074197 | ||
| 040 |
_aCO-JMCR _cCO-JMCR |
||
| 041 | 0 | _aspa | |
| 082 | 0 | 4 |
_a330 / _bC346i _223 |
| 100 | 1 |
_aCastaño Tamayo, Ramón Abel, _eautor _94445 |
|
| 245 | 1 | 0 |
_aIdeas económicas mínimas / _cRamón Abel Castaño Tamayo |
| 250 | _aDecimoquinta edición | ||
| 260 |
_aBogotá : _bEcoe, _c1993 |
||
| 300 |
_a257 páginas : _bilustraciones a blanco y negro ; _c24 cm. |
||
| 490 | 0 | _aEconomía y finanzas | |
| 504 | _aBibliográfia: páginas 253-257 | ||
| 505 | 0 | _aNociones de estructura económica -- Las leyes del mercado -- El sistema económico | |
| 650 | 1 | 4 |
_aEconomía _94446 |
| 650 | 1 | 4 |
_aHistoria económica _92303 |
| 942 |
_2ddc _cBK |
||